| Tag |
First Indicator |
Second Indicator |
Subfields |
| LEADER |
00000cam a2200000 4500 |
| 001 |
in00001928913 |
| 006 |
m | d | |
| 007 |
cr |n||||||||n |
| 008 |
790922s1730 enk|||| s 00| ||eng d |
| 005 |
20260407221037.7 |
| 035 |
|
|
|a (CStRLIN)ESTCT27321
|
| 040 |
|
|
|a Uk-ES
|c Uk-ES
|d CStRLIN
|d Thomson Gale
|d UtOrBLW
|
| 100 |
1 |
|
|a Sykes, Arthur Ashley,
|d 1683 or 1684-1756.
|
| 245 |
1 |
3 |
|a An answer to the Remarks upon Dr. Clarke's exposition of the church-catechism.
|
| 264 |
|
3 |
|a London :
|b printed for J. and J. Knapton,
|c 1730.
|
| 300 |
|
|
|a 2 unnumbered pages, 3, 6-83, 1 unnumbered page ;
|c 8⁰.
|
| 336 |
|
|
|a text
|b txt
|2 rdacontent
|
| 337 |
|
|
|a computer
|b c
|2 rdamedia
|
| 338 |
|
|
|a online resource
|b cr
|2 rdacarrier
|
| 500 |
|
|
|a Anonymous. By Arthur Ashley Sykes.
|
| 500 |
|
|
|a Author of the Remarks = Daniel Waterland.
|
| 500 |
|
|
|a Text and register continuous.
|
| 500 |
|
|
|a Reproduction of original from the British Library.
|
| 510 |
4 |
|
|a English Short Title Catalog,
|c ESTCT27321.
|
| 533 |
|
|
|a Electronic reproduction.
|b Farmington Hills, Mich. :
|c Thomson Gale,
|d 2003.
|n Available via the World Wide Web.
|n Access limited by licensing agreements
|7 s2003 miunns
|
| 500 |
|
|
|a Electronic resource.
|
| 830 |
|
0 |
|a Eighteenth century collections online.
|
| 856 |
4 |
0 |
|u http://proxy.library.tamu.edu/login?url=https://galenet.galegroup.com/servlet/ECCO?c=1&stp=Author&ste=11&af=BN&ae=T027321&tiPG=1&dd=0&dc=flc&docNum=CW123273726&vrsn=1.0&srchtp=a&d4=0.33&n=10&SU=0LRF&locID=txshracd2898
|z Full text online
|t 0
|
| 999 |
|
|
|a MARS
|
| 999 |
f |
f |
|s 777096e3-1a6f-38c6-87a0-cd9e4e52197e
|i 637e440b-bf52-3f83-88bc-ab5fbe9d126d
|t 0
|
| 952 |
f |
f |
|a Texas A&M University
|b College Station
|c Electronic Resources
|s www_evans
|d Available Online
|t 0
|h No information provided
|
| 998 |
f |
f |
|t 0
|l Available Online
|